FashionHEAD : (Record no. 10819)

MARC details
000 -CABECERA
campo de control de longitud fija 01153nam a22002657a 4500
001 - NÚMERO DE CONTROL
campo de control BRCA_9200
003 - IDENTIFICADOR DEL NÚMERO DE CONTROL
campo de control FranzMayer
005 - FECHA Y HORA DE LA ÚLTIMA TRANSACCIÓN
campo de control 20220809133307.0
008 - DATOS DE LONGITUD FIJA--INFORMACIÓN GENERAL
campo de control de longitud fija 220712b |||||||| |||| 00| 0 eng d
020 ## - NÚMERO INTERNACIONAL ESTÁNDAR DEL LIBRO
Número Internacional Estándar del Libro 9782940510313
040 ## - FUENTE DE LA CATALOGACIÓN
Lengua de catalogación spa
Centro/agencia transcriptor MFM
041 1# - CÓDIGO DE LENGUA
Código de lengua del texto/banda sonora o título independiente fre
-- eng
050 ## - SIGNATURA TOPOGRÁFICA DE LA BIBLIOTECA DEL CONGRESO
Número de clasificación TT502
Número de documento/Ítem F37 2018
245 ## - MENCIÓN DE TÍTULO
Título FashionHEAD :
Resto del título Une décennie de mode à la Haute école d'art et de design - Genève 2007-2018 = A Decade of Fashion at Geneva School of Art and Design 2007-2018 /
Mención de responsabilidad, etc. ed. Nic Ulmi
260 ## - PUBLICACIÓN, DISTRIBUCIÓN, ETC.
Lugar de publicación, distribución, etc. Ginebra, Suiza :
Nombre del editor, distribuidor, etc. HEAD-Genève,
Fecha de publicación, distribución, etc. 2018
300 ## - DESCRIPCIÓN FÍSICA
Extensión 368 p. :
Otras características físicas il. fot. col. ;
Dimensiones 20 x 27 cm.
500 ## - NOTA GENERAL
Nota general Ubicación: L59-N5
504 ## - NOTA DE BIBLIOGRAFÍA, ETC.
Nota de bibliografía, etc. Bibliografía: p. 362
520 ## - SUMARIO, ETC.
Sumario, etc. FashionHEAD. Te lleva al laboratorio de HEAD-Genève: un lugar donde la moda reinventa su lugar. Este ejemplar se construye a partir de una selección de imágenes y una serie de entrevistas a las personalidades que han hecho el Diseño de Moda en su escuela. - Proporcionado por el editor
546 ## - NOTA DE LENGUA/LENGUAJE
Nota de lengua/lenguaje Francés/Inglés
650 ## - PUNTO DE ACCESO ADICIONAL DE MATERIA--TÉRMINO DE MATERIA
Término de materia o nombre geográfico como elemento de entrada Moda
Subdivisión general Diseño
9 (RLIN) 28441
650 ## - PUNTO DE ACCESO ADICIONAL DE MATERIA--TÉRMINO DE MATERIA
Término de materia o nombre geográfico como elemento de entrada Desfiles de moda
Subdivisión general Diseño
9 (RLIN) 28442
942 ## - ELEMENTOS DE PUNTO DE ACCESO ADICIONAL (KOHA)
Fuente del sistema de clasificación o colocación Library of Congress Classification
Tipo de ítem Koha Libros
Holdings
Estado de retiro Estado de pérdida Fuente del sistema de clasificación o colocación Estado dañado No para préstamo Localización permanente Ubicación/localización actual Fecha de adquisición Total de préstamos Signatura topográfica completa Código de barras Fecha visto por última vez Precio válido a partir de Tipo de ítem Koha
El ejemplar forma parte de la colección y puede ser consultado según las políticas vigentes.   Library of Congress Classification     Biblioteca del Museo Franz Mayer (Rogerio Casas-Alatriste) Biblioteca del Museo Franz Mayer (Rogerio Casas-Alatriste) 12/07/2022   TT502 F37 2018 CONT9973 12/07/2022 12/07/2022 Libros